Statystyki dla Państwa członkowskie NATO

Kliknij tutaj aby rozwiązać quiz!

Ogólne statystyki

  • Ten quiz został rozwiązany 178 razy
  • Średni wynik to 27 z 30

Odpowiedzi na mapie

Odpowiedzi skodowane kolorowo w zielono-czerwonej skali na mapie do tego quizu, zgodnie z poniższymi procentami.
 

Statystyki odpowiedzi

Odpowiedź% Poprawnych
Polska (1999)
100%
Niemcy (1990)
99%
Hiszpania (1982)
98%
Czechy (1999)
97%
Francja (1949)
97%
Portugalia (1949)
97%
Włochy (1949)
96%
Stany Zjednoczone (1949)
95%
Estonia (2004)
94%
Litwa (2004)
94%
Łotwa (2004)
94%
Słowacja (2004)
94%
Wielka Brytania (1949)
94%
Belgia (1949)
92%
Holandia (1949)
92%
Kanada (1949)
92%
Chorwacja (2009)
90%
Grecja (1952)
90%
Dania (1949)
88%
Rumunia (2004)
87%
Norwegia (1949)
86%
Węgry (1999)
86%
Słowenia (2004)
83%
Bułgaria (2004)
81%
Islandia (1949)
80%
Turcja (1952)
77%
Albania (2009)
73%
Macedonia Północna (2020)
73%
Luksemburg (1949)
71%
Czarnogóra (2017)
66%

Rozkład punktacji

Percentyl według liczby udzielonych odpowiedzi

Procent ludzi z każdym wynikiem

Twoja historia wyników

Nie rozwiązałeś tego quizu